000 00755nam a22002297a 4500
005 20251108173548.0
008 250721s2002 xx 000 0 ara d
020 _a9953104808
082 1 4 _aط/333.82/خطي
100 1 _aالخطيب، أحمد شفيق
245 1 0 _aالوقد الأحفورية /
264 1 _aبيروت :
_bمكتبة لبنان ناشرون،
_c2002.
300 _a48 ص: مص
490 0 _aكتب الفراشة : موسوعة الطاقة المستدامة
_v1
650 1 7 _aالطاقة
650 1 7 _aالوقود الأحفوري
650 1 7 _aالإقتصاد
653 _aناشئون صغار ( 10 - 14 سنة )
700 1 _aخير الله، يوسف سليمان
942 _2ddc
_cBK
999 _c106866
_d106866